| 000 | 00937nas a2200325 4500 | ||
|---|---|---|---|
| 001 | BR2015006217 | ||
| 003 | BR-BrBNA | ||
| 005 | 20231205125846.0 | ||
| 007 | ta | ||
| 008 | 230509b bl.|||p| |||| 00| 00por d | ||
| 040 |
_aBR-BrBNA _bpor _cBiblioteca Nacional de Agricultura |
||
| 041 | _a(En) | ||
| 072 | _aK50 | ||
| 100 | 1 | _aIwakiri, S. | |
| 100 | 1 | _aMatos, J.L.M. de | |
| 100 | 1 | _aPrata, J.G. | |
| 100 | 1 | _aTrianoski, R. | |
| 100 | 1 | _aParchen, C.F.A. | |
| 100 | 1 | _aCastro, V.G. de | |
| 100 | 1 | _aIwakiri, V.T. | |
| 245 | 1 | _aEffect of wood grading on the mechanical properties of glulam made of Tectona grandis | |
| 650 | _aMADEIRA | ||
| 650 | _aPROPRIEDADE MECÂNICA | ||
| 650 | _aLAMINADO | ||
| 650 | _aTECTONA GRANDIS | ||
| 650 | _aTECA | ||
| 773 | 0 |
_tFloresta (Brazil) _xISSN 0015-3826 _g(Jul-Sep 2014), v. 44(3) p. 465-472 _wBR2015006217 |
|
| 909 |
_a202311 _bLúcia _c55 _dLúcia Elande |
||
| 942 |
_2AGRIS _n0 _cANA |
||
| 999 |
_c246553 _d246553 |
||